000 00511nam a2200157Ia 4500
008 100204s9999 xx 000 0 und d
082 _b28571
100 _aसाळुंखे आ. ह.
245 _aतुझ्यासह आणि तुझ्याविना
250 _a0
260 _c2007
300 _a132
630 _aतुझ्यासह आणि तुझ्याविना
730 _aतुझ्यासह आणि तुझ्याविना
942 _cBOOK
999 _c473729
_d473726